| 000 | 00706ata a2200265 4500 | ||
|---|---|---|---|
| 005 | 20241128151930.0 | ||
| 008 | 150519b xxu||||| |||| 00| 0 spa d | ||
| 041 | _aspa | ||
| 082 | _a658.312 4 M463m | ||
| 100 |
_aMaxwell, John _923695 |
||
| 245 | _aMentor 101: lo que todo líder necesita saber | ||
| 260 | _aEstados Unidos | ||
| 260 | _bGrupo Nelson | ||
| 260 | _c2008 | ||
| 300 | _a116 páginas | ||
| 650 | _aADMINISTRACIÓN DE PERSONAL | ||
| 650 | _aSER MENTOR PARA OTROS | ||
| 650 | _aMENTALIDAD DE UN MENTOR | ||
| 650 | _aCAPACITACIÓN | ||
| 650 | _aPASOS PARA ENTRENAR A LAS PERSONAS | ||
| 650 | _aLIDERAZGO | ||
| 650 | _aSISTEMA DE APOYO | ||
| 942 |
_cBK _2ddc |
||
| 999 |
_c5689 _d5689 |
||